| 000 | 00744cam a22002415a 4500 | ||
|---|---|---|---|
| 001 | 17676586 | ||
| 005 | 20180509135909.0 | ||
| 008 | 130328t2014 caua frb 001 0 eng d | ||
| 020 | _a9781452242569 | ||
| 040 |
_aDLC _beng _cDLC _dDLC _dEG-ScBUE |
||
| 082 | 0 | 4 |
_222 _a300.722 _bYIN |
| 100 | 1 | _aYin, Robert K. | |
| 245 | 1 | 0 |
_aCase study research : _bdesign and methods / _cRobert K. Yin. |
| 250 | _a5th ed. | ||
| 260 |
_aLos Angeles : _bSAGE, _cc.2014. |
||
| 300 |
_axxviii, 282 p. : _bill. ; _c24 cm. |
||
| 504 | _aIncludes bibliographical references and index. | ||
| 650 | 7 |
_aCase method. _2BUEsh _934827 |
|
| 650 | 7 |
_aSocial sciences _xResearch _xMethodology. _2BUEsh _920647 |
|
| 651 | _2BUEsh | ||
| 653 |
_bHHUUEENN _cMay2018 |
||
| 942 | _2ddc | ||
| 999 |
_c26679 _d26651 |
||